Mathematics of finance

Gardado en:
Detalles Bibliográficos
Main Authors: Marshall Simpson, Thomas (autor), Pirenian, Zareh M (Author), Crenshaw, Bolling H (Author)
Formato: Libro
Idioma:inglés
Publicado: Upper Saddle River Prentice Hall 1959
Edición:9a. ed
Subjects:
Tags: Engadir etiqueta
Sen Etiquetas, Sexa o primeiro en etiquetar este rexistro!

MARC

LEADER 00000nam a2200000 a 4500
001 UCS1887
003 CL-VaPUC
008 970516e19590000us |||||||||||||||||eng|d
082 0 4 |a 330.0151  |b MAR  |2 21 
100 |a Marshall Simpson, Thomas  |e autor  |9 386762 
700 0 |a Pirenian, Zareh M  |e author  |9 386763 
700 0 |a Crenshaw, Bolling H  |e author  |9 386764 
245 1 0 |a Mathematics of finance 
250 |a 9a. ed 
300 |a 126 p 
942 |c BK 
945 |d 19970516 00:00:00  |a amoreno 
260 |a Upper Saddle River  |b Prentice Hall  |c 1959 
650 0 |a Álgebra  |9 259567 
650 0 |a Matemáticas financieras  |9 260347 
650 0 |a Fracciones  |9 316607 
650 7 |a EQUACIONES  |2 CL-VaPUC  |9 360199 
650 7 |a PROPORCION  |2 CL-VaPUC  |9 265550 
650 7 |a PORCENTAJE  |2 CL-VaPUC  |9 386765 
650 0 |a Comercio  |9 255341 
650 7 |a EXPONENTES  |2 CL-VaPUC  |9 386766 
650 7 |a TEOREMAS  |2 CL-VaPUC  |9 350068 
650 7 |a BINOMIOS  |2 CL-VaPUC  |9 356141 
650 0 |a Logaritmos  |9 260266 
650 0 |a Estadísticas  |9 258644 
650 0 |a Depreciación  |9 358644 
650 7 |a COMPUTACION  |2 CL-VaPUC  |9 350582 
650 7 |a FORMULAS  |2 CL-VaPUC  |9 326546 
583 |a last modification  |c 20171205 01:40:32  |k Rodrigo Vera 
999 |c 259914  |d 259912 
952 |0 0  |1 0  |4 0  |6 330_015100000000000_MAR_1959  |7 0  |8 P  |9 285433  |a BIBGIM  |b BIBGIM  |d 2019-11-19  |i 3280179  |o 330.0151 MAR 1959  |p 3280179  |r 2025-01-15  |w 2019-11-19  |y BK  |k COM